000 00457nam a2200157Ia 4500
008 240729s9999 xx 000 0 und d
022 _a2590-1982
245 0 _aTransportation Research Interdisciplinary Perspectives
260 _aUnited Kingdom
260 _bElsevier
650 _a Transportation and communications
650 _aSocial Sciences
856 _uhttps://doaj.org/toc/08ba75b17d1c4101a4bec70e54756250
942 _2ddc
942 _cDOAJEJ
999 _c71350
_d71350
945 _a1
_bMadushi Gamage
_c1
_dMadushi Gamage